000 01030nac a22003011u 4500
999 _c5205
_d5205
003 EG-ScBUE
005 20210524104219.0
008 200219s1970 enk f b 000 0beng d
020 _a0710068123
020 _a0710068131
040 _aEG-ScBUE
_beng
_erda
_cEG-ScBUE
_dEG-ScBUE
082 0 4 _a817.4
_bWAL
_222
100 1 _aWalker, I. M.‏
_q(Ian Malcolm)
_eauthor.
245 1 0 _aMark Twain /
_cby I. M. Walker, lecturer in American literature, University of Manchester.
264 1 _aLondon :
_bRoutledge & Kegan Paul,
_c1970.
300 _avii, 104 pages ;
_c19 cm.
336 _2rdacontent
_atext
_btxt
337 _2rdamedia
_aunmediated
_bn
338 _2rdacarrier
_avolume
_bnc
490 0 _aThe Profiles in literature series
504 _aIncludes bibliographical references.
600 1 7 _aTwain, Mark,
_d1835-1910.
_2BUEsh
650 7 _aAuthors, American
_y19th century
_xBiography.
_2BUEsh
651 _2BUEsh
653 _bHHUUEENN
_cMay2021
655 _vReading book
_934232
942 _cBB
_k817.4WAL
_2ddc